000 01104cad a22002295a 4500
001 L157096
008 120829s2011 xxk f 000 0 eng d
020 _a9781842196236
035 _a(Sirsi) u157096
041 0 _aeng
110 1 _aRoyal Institution of Chartered Surveyors
_94900
245 0 2 _aA review of performance-based contracting
_h[electronic resource]
260 _aLondon
_bRICS
_c2011
490 0 _aRICS Research
520 _aLooks at performance-based contracting, a method of contracting which is based on the postconstruction performance of a building or structure rather than the cost of materials and labour that produced it. Payments by the client are therefore spread throughout the contract period (beginning on completion) and not as interim payments during construction.
651 4 _aUnited Kingdom
_y
690 _aCommercial property
_96227
700 1 _aGruneberg, Stephen
700 1 _aHughes, Will
856 4 0 _uhttps://www.rics.org/Global/Downloads/Performance_Based_Contracting_100111_dwl_aj.pdf
_zView the main report free of charge at www.rics.org
942 _n0
999 _c114594
_d114594